| 000 | 01007nam a2200217Ia 4500 | ||
|---|---|---|---|
| 003 | Ost | ||
| 005 | 20260507075602.0 | ||
| 008 | 260507s9999||||xx |||||||||||||| ||und|| | ||
| 040 | _cfsecg | ||
| 041 | _aara | ||
| 082 | _a300 | ||
| 100 |
_aالصوص، نداء محمد _eمؤلف |
||
| 245 | 0 |
_aمبادئ الاحصاء / _c نداء محمد الصوص |
|
| 260 |
_aعمان: _bمكتبة المجتمع العربي للنشر, _c2007 |
||
| 300 |
_a229 صفحة؛ _bإيضاحات ؛ _c24 سم |
||
| 504 | _aمراجع ص.229 | ||
| 520 | _aالاحصاء و البحث العلمي, مقاييس النزعة المركزية, مقاييس التشتت, العزوم و التفرطح و الالتواء, التوزيع الطبيعي, الارتباط و الانحدار, السلاسل الزمنية, الارقام القياسية, الاحصاءات الحيوية و كذا الاحتمالات. | ||
| 653 | _aالاحصاء | ||
| 653 | _aمبادئ الاحصاء | ||
| 942 | _cكتاب | ||
| 999 |
_c45013 _d45013 |
||